000 00787nam a2200241 i 4500
003 DO-SdBNP
005 20260312093605.0
007 ta
008 260312b2000 dr ||||| |||| 00| 0 spa d
040 _aDO-SdBNP
_bspa
_cBNPHU
_erda
041 _aspa
082 4 _axxx
_bxxx
_222
110 _aRepública Domincana
_bSecretariado Técnico de la Presidencia
_bOficina Nacional de Administración y Personal
_989183
245 1 0 _aManual para la organización de las oficinas de personal del sector público
264 1 _aSanto Domingo :
_bONAP,
_c2000.
300 _a27 páginas ;
_c21 cm.
336 _atexto
_btxt
_2rdacontent
337 _asin mediación
_bn
_2rdamedia
338 _avolumen
_bnc
_2rdacarrier
590 _aInventariado, 2026/BT
910 _aBtavárez
942 _2ddc
_cLF2
999 _c60490
_d60490